American English 1. Book 3. Tasks 49-72

Guardado en:
Detalles Bibliográficos
Formato: Libro
Lenguaje:inglés
Publicado: Praha : ÚLEHLA, 1990
Materias:
Acceso en línea:OBSAH
Etiquetas: Agregar Etiqueta
Sin Etiquetas, Sea el primero en etiquetar este registro!

MARC

LEADER 00000nam a22000003a 4500
001 stu34263
005 20150408180847.3
008 920311s1990----cs------------------eng-d
040 |a STU  |b slo 
041 0 |a eng 
044 |a cs 
080 |a 802.0(075) 
245 |a American English 1. Book 3. Tasks 49-72 
260 |a Praha :  |b ÚLEHLA,  |c 1990 
300 |a 171 s 
650 7 |a Angličtina americká  |2 stusub 
856 4 |a https://sweb.mtf.stuba.sk/obsahy/american_english_1_book_3_90.PDF  |u https://sweb.mtf.stuba.sk/obsahy/american_english_1_book_3_90.PDF  |3 OBSAH 
996 |b 284M051230  |c M*7664/3-1  |l MMKN  |s A  |a 24  |w stu34263_0001 
996 |b 284M017208  |c M*7664/3-2  |l MMKN  |s A  |a 24  |w stu34263_0002 
996 |b 284M054000  |c M*7664/3-3  |l MMKN  |s A  |a 24  |w stu34263_0003 
996 |b 284M017207  |c M*7664/3-4  |l MMKN  |s A  |a 24  |w stu34263_0004 
996 |b 284M017209  |c M*7664/3-5  |l MMKN  |s A  |a 24  |w stu34263_0005